000 00580cab a2200205 4500
001 WB2732-25
008 090401t1991 xxu||||| |||| 00| 0 eng d
035 _a(Sirsi) u60602
041 _aeng
245 _aKing`s Road retailers reel at rent rises
260 _c1991
350 _a0
490 _aDaily Telegraph
_v13/8/91 p21
520 _aHighlights problems faced by King`s Road tenants in settling rent reviews with landlords.
650 _aRETAIL PROPERTY
650 _aUBR
690 _aLANDLORD AND TENANT-BUSINESS TENANCIES
942 _n0
948 _c04/03/1997
999 _c37412
_d37412